Materiály ke cvičením základů automatizovaného zpracování dat a vytváření ASŘ pro ekonomiku zahraničního obchodu

Uložené v:
Podrobná bibliografia
Hlavný autor: Ehleman, Jan
Korporativný autor: Vysoká škola ekonomická v Praze. Fakulta řízení
Ďalší autori: Jančarová, Vlasta, Smolák, Václav
Médium: Kniha
Jazyk:Czech
Vydavateľské údaje: Praha Státní pedagogické nakladatelství 1983
Tagy: Pridať tag
Žiadne tagy, Buďte prvý, kto otaguje tento záznam!

MARC

LEADER 00000nam a2200000 4500
001 c115582
005 20190201111454.0
041 0 |a cze 
044 |a CZ 
245 1 0 |a Materiály ke cvičením základů automatizovaného zpracování dat a vytváření ASŘ  |b pro ekonomiku zahraničního obchodu  |c Jan Ehleman, Vlasta Jančarová, Václav Smolák 
264 1 |a Praha  |b Státní pedagogické nakladatelství  |c 1983 
300 |a 127 s. 
100 1 |a Ehleman, Jan 
700 1 |a Jančarová, Vlasta 
700 1 |a Smolák, Václav 
710 2 |a Vysoká škola ekonomická v Praze. Fakulta řízení